000 00863nam a2200229Ii 4500
003 JO-AjNU
008 230605s9999||||xx |||||||||||||| ||und||
017 _a2007/5/1445
020 _a9957-16-333-4
040 _aJO-AjNU
_bara
_erda
_cJO-AjNU
041 _aara
050 1 4 _ak7340.k56.2009
100 3 _a الكيلاني ، محمود ,
_eauthor
_925498
245 0 0 _aالموسوعة التجارية والمصرفية : المجلد الخامس ، الشركات التجارية " دراسة مقارنة "
250 _aط1
264 3 1 _aعمان : دار الثقافة ، 2009
300 _aمج5، 383ص
_bيشتمل على المراجع ص ( 381 - 383 )
336 _atext
_btxt
_2rdacontent
337 _aunmediated
_bn
_2rdamedia
338 _avolume
_bnc
_2rdacarrier
650 4 _aالشركات التجارية -- المصارف
_925499
999 _aA9544
_c13112
_d13112